00458nam a2200157Ia 4500008004100000020001500041082001500056100001700071245004300088250000800131260004300139300002800182500001900210600002100229650005000250240925s9999 xx 000 0 und d a1575213664 a005.72 OLI aOliver, Dick 0aSams Teach Yourself HTML 4 in 24 HourS a2nd aIndianapolis:bSAMS Publishingc,1997. axiv,898p.bNAfOriginal aIncludes Index aComputer Science aComputer science, information & general works